01360nam a22003015i 4500999001700000003000900017005001700026008004100043020001800084040004300102082002300145100002800168245021500196246003600411250002000447264009300467300004600560336002600606337002800632338002700660500002300687504005100710650003000761653002300791700004900814942001200863952018300875 c28137d28108EG-ScBUE20200218110753.0200218s2019 ii a f bd 001 0 eng d a9789352707614 aEG-ScBUEbengerdacEG-ScBUEdEG-ScBUE04a610.73072bKUM2221 aKumer, Rajesh,eauthor.10aNursing research & statistics /cRajesh Kumar, PhD (N), RN, RM, Assistant Professor, College of Nursing, All India Institute of Medical Sciences (AIIMS), Rishikesh, Uttarakhand, India ; foreword by K. Reddemma.3 aNursing research and statistics aSecond edition. 1aNew Delhi :bJaypee Brothers Medical Publishers :bThe Health Sciences Publisher,c2019. axvii, 376 pages :billustrations ;c24 cm atextbtxt2rdacontent aunmediatedbn2rdamedia avolumebnc2rdacarrier aIncludes glossary. aIncludes bibliographical references and index. 7aNursingxResearch.2BUEsh bNNURcFebruary20201 aReddemma, K., eauthor of introduction, etc. 2ddccBB 00102ddc40708AlahramaMAINbMAINc1STd2020-02-18ePurchaseg245.00h542l5m21o610.73072 KUMp000048695q2026-05-16r2024-03-05 00:00:00s2024-03-05v306.25w2020-02-18yBB